| 000 | 00852nam a2200265 i 4500 | ||
|---|---|---|---|
| 001 | 016583238 | ||
| 003 | OSt | ||
| 005 | 20150315120307.0 | ||
| 008 | 140717s2014 enka b 001|0 eng|d | ||
| 020 | _a9781292040042 (pbk.) | ||
| 020 | _a1292040041 (pbk.) | ||
| 040 |
_aStDuBDS _beng _cStDuBDS _dUk |
||
| 082 | 0 | 0 |
_a629.892 _222 _bCRA |
| 100 | 1 | 0 |
_aCraig, John J., _d1955- |
| 245 | 1 | 0 |
_aIntroduction to robotics : _bmechanics and control / _cJohn J. Craig. |
| 250 | _a3rd ed., Pearson new international ed. | ||
| 260 |
_aHarlow, United Kingdom : _b Pearson / Prentice Hall, _cc.2014. |
||
| 300 |
_aii, 373 p. : _bill. ; _c28 cm. |
||
| 490 | 0 | _aPearson custom library | |
| 504 | _aIncludes bibliographical references and index. | ||
| 650 | 0 | _aRobotics. | |
| 653 |
_bENGMEC _cMarch2015 |
||
| 655 |
_vreading book _934232 |
||
| 942 |
_2ddc _k629.892 CRA |
||
| 999 |
_c19041 _d19013 |
||